Quiz sulla Somalia - Statistics

Statistiche generali
  • Questo quiz è stato fatto 636 volte
  • Il punteggio medio è 12 su 21
Statistiche sulle risposte
Hint Risposta % Corretto
Penisola dove è situato il Paese {Corno} d'Africa
95%
Paese europeo che colonizzò la maggior parte della Somalia Italia
94%
Paesi confinanti Etiopia
93%
Altro paese europeo che occupò la parte più a nord della Somalia Regno Unito
91%
Kenya
87%
Gibuti
85%
Capitale Mogadiscio
84%
Lingue ufficiali Arabo
74%
Somali
73%
Paese autoproclamato che oggi rivendica e controlla questa regione settentrionale Somaliland
62%
Animale del deserto che si pensa sia stato addomesticato nella regione della Somalia intorno al 3000 a.C. Dromedario
59%
Percentuale arrotondata dei somali non mussulmani 0%
54%
Come accade nel film "Captain Phillips", la Somalia è tristemente nota per questa attività criminale Pirateria
52%
Golfo oceanico tra Somalia e Yemen Golfo di {Aden}
48%
Film di Ridley Scott del 2001 ambientato in Somalia B{lack} H{awk} D{own}
25%
Moneta della Somalia Scellino
21%
Top model di origine somala che ha sposato David Bowie nel 1992 Iman
18%
Seconda città più popolosa della Somalia e capitale di questo stato separatista H{argheisa}
17%
Operazione delle Nazioni Unite tenutasi in Somalia nel 1992 che molto rapidamente si è conclusa con un amaro fallimento Restore {Hope}
15%
Antico regno intorno alla Somalia settentrionale, essenziale partner commerciale dell'antico Egitto Paese di {Punt}
14%
Nome dato alle varie famiglie che costituiscono la società somala C{abile}
7%
Nessun quiz corrispondente trovato
Distribuzione punteggi
Percentuale di utenti per punteggio
Percentile per numero di risposta
I tuoi punteggi nel tempo
Non hai fatto questo quiz